Counties of Nebraska - Statistics

General Stats
  • This quiz has been taken 10 times
  • The average score is 11 of 93
Answer Stats
Answer % Correct
Dodge
80%
Douglas
60%
Boone
40%
Burt
40%
Cherry
40%
Colfax
40%
Cuming
40%
Lancaster
40%
Sarpy
40%
Adams
20%
Antelope
20%
Arthur
20%
Banner
20%
Blaine
20%
Box Butte
20%
Boyd
20%
Brown
20%
Buffalo
20%
Butler
20%
Cass
20%
Cedar
20%
Chase
20%
Cheyenne
20%
Clay
20%
Custer
20%
Dakota
20%
Dawes
20%
Dawson
20%
Dundy
20%
Fillmore
20%
Franklin
20%
Furnas
20%
Gage
20%
Garden
20%
Gosper
20%
Hamilton
20%
Johnson
20%
Keith
20%
Knox
20%
Madison
20%
Nance
20%
Polk
20%
Stanton
20%
York
20%
Deuel
0%
Dixon
0%
Frontier
0%
Garfield
0%
Grant
0%
Greeley
0%
Hall
0%
Harlan
0%
Hayes
0%
Hitchcock
0%
Holt
0%
Hooker
0%
Howard
0%
Jefferson
0%
Kearney
0%
Keya Paha
0%
Kimball
0%
Lincoln
0%
Logan
0%
Loup
0%
McPherson
0%
Merrick
0%
Morrill
0%
Nemaha
0%
Nuckolls
0%
Otoe
0%
Pawnee
0%
Perkins
0%
Phelps
0%
Pierce
0%
Platte
0%
Red Willow
0%
Richardson
0%
Rock
0%
Saline
0%
Saunders
0%
Scotts Bluff
0%
Seward
0%
Sheridan
0%
Sherman
0%
Sioux
0%
Thayer
0%
Thomas
0%
Thurston
0%
Valley
0%
Washington
0%
Wayne
0%
Webster
0%
Wheeler
0%
No matching quizzes found
Score Distribution
Percent of People with Each Score
Percentile by Number Answered
Your Score History
You have not taken this quiz